[Event "Let's Play Chess!"]
[Site "http://www.queenalice.com/game.php?id=1872428"]
[Date "2026.4.25"]
[Round "-"]
[White "Mlintz"]
[Black "alow_proton"]
[Result "1/2-1/2"]
[WhiteElo "1867"]
[BlackElo "2053"]

1. e4 c5 2. Nf3 d6 3. c3 Nf6 4. Be2 e5 5. O-O Nc6 6. d3 Be7 7. b3 a6 8. a4 b6 9.
Bb2 Bb7 10. Qc2 O-O 11. Nbd2 Qc7 12. d4 Rfc8 13. d5 Nd8 14. Rfc1 Qd7 15. Qb1 b5
16. axb5 axb5 17. h3 Rxa1 18. Qxa1 Ra8 19. Qb1 Ba6 20. c4 b4 21. Qc2 Bc8 22. Ra1
Qb7 23. Qb1 Rxa1 24. Qxa1 Qa6 25. Qxa6 Bxa6 26. g4 h6 27. Kg2 g5 28. Nh2 Nb7 29.
Kg3 Na5 30. Bd1 1/2-1/2

[Event "Challenge"]
[Site "http://www.queenalice.com/game.php?id=1872731"]
[Date "2026.5.1"]
[Round "-"]
[White "Mlintz"]
[Black "Capixabba789"]
[Result "0-1"]
[WhiteElo "1886"]
[BlackElo "1817"]

1. d4 d5 2. c4 e6 3. Nf3 Nf6 4. Nc3 Be7 5. cxd5 Nxd5 6. e3 O-O 7. Be2 Nxc3 8.
bxc3 Bf6 9. O-O Nd7 10. a4 Nb6 11. a5 Nd5 12. Ba3 Nxc3 13. Qc2 Nxe2+ 14. Qxe2
Re8 15. Rab1 b6 16. axb6 axb6 17. Bc1 Ba6 18. Qc2 Bxf1 19. Kxf1 Be7 20. Ne5 Bd6
21. f4 Bxe5 22. fxe5 Ra5 0-1

[Event "Challenge"]
[Site "http://www.queenalice.com/game.php?id=1872732"]
[Date "2026.5.1"]
[Round "-"]
[White "Capixabba789"]
[Black "Mlintz"]
[Result "1-0"]
[WhiteElo "1825"]
[BlackElo "1843"]

1. d4 e6 2. e4 d5 3. exd5 exd5 4. Nc3 Nf6 5. f4 Be7 6. Nf3 Bg4 7. Be2 Nc6 8. O-O
O-O 9. Be3 Re8 10. Ne5 Bxe2 11. Qxe2 a6 12. Qf2 Rf8 13. Rad1 Bb4 14. Ne2 Ne4 15.
Qf3 Qe8 16. Ng3 f5 17. c3 Ba5 18. Nxe4 dxe4 19. Qg3 Ne7 20. b4 Bb6 21. a3 c6 22.
c4 Bc7 23. Bd2 b6 24. Bc3 g6 25. Qh4 h5 26. Qg5 Kh7 27. d5 cxd5 28. cxd5 Bd6 29.
Rc1 Nxd5 30. Ba1 Be7 31. Qg3 a5 32. Rc6 Rg8 33. b5 Bc5+ 34. Kh1 Ne3 35. Rb1 Rd8
36. Rxc5 bxc5 37. Qxe3 c4 38. a4 Rd6 39. Qa7+ Rg7 40. Qxa5 Rd5 41. h3 Qd8 42.
Qe1 g5 43. Nc6 1-0

[Event "Challenge"]
[Site "http://www.queenalice.com/game.php?id=1873028"]
[Date "2026.5.7"]
[Round "-"]
[White "Mlintz"]
[Black "jogo"]
[Result "1-0"]
[WhiteElo "1782"]
[BlackElo "1306"]

1. e4 c5 2. Bc4 Nc6 3. c3 e6 4. d4 cxd4 5. cxd4 d5 6. exd5 exd5 7. Be2 Bb4+ 8.
Nc3 h6 9. Nf3 Nf6 10. O-O a6 11. Bd2 O-O 12. a3 Bd6 13. Re1 Re8 14. h3 Ne4 15.
Be3 Nxc3 16. bxc3 Qc7 17. Bc1 Bf5 18. Bb2 Re6 19. Qd2 Bf4 20. Qd1 Rae8 21. Bd3
Rxe1+ 22. Nxe1 Rxe1+ 23. Qxe1 Bxd3 24. Rd1 Bh2+ 25. Kh1 Be4 26. f3 Bg3 27. Qe2
Bf5 28. c4 Qe7 29. Qxe7 Nxe7 30. c5 1-0

[Event "Let's Play Chess!"]
[Site "http://www.queenalice.com/game.php?id=1873275"]
[Date "2026.5.15"]
[Round "-"]
[White "alow_proton"]
[Black "Mlintz"]
[Result "1-0"]
[WhiteElo "2050"]
[BlackElo "1828"]

1. e4 e5 2. f4 d5 3. exd5 exf4 4. Nf3 Qxd5 5. Nc3 Qd8 6. d4 Bd6 7. Bc4 Qe7+ 8.
Ne2 Nf6 9. O-O O-O 10. Nxf4 Bg4 11. Qd3 Qd7 12. Bd2 a6 13. b4 b5 14. Bb3 h6 15.
a3 Nc6 16. Ne2 Rfe8 17. Rae1 Bxf3 18. Rxf3 Ng4 19. Bxf7+ Kh8 20. Bxe8 Bxh2+ 21.
Kh1 Qxe8 22. Qf5 Nf6 23. Kxh2 h5 24. c3 Rd8 25. Nf4 Qf7 26. Ng6+ Kg8 27. Bg5 Rd5
28. Qc8+ Kh7 29. Nf8+ 1-0

[Event "Let's Play Chess!"]
[Site "http://www.queenalice.com/game.php?id=1873276"]
[Date "2026.5.15"]
[Round "-"]
[White "Mlintz"]
[Black "alow_proton"]
[Result "0-1"]
[WhiteElo "1821"]
[BlackElo "2059"]

1. e4 c5 2. Bc4 Nc6 3. Nf3 d6 4. c3 Nf6 5. d3 Bg4 6. Nbd2 a6 7. a4 Ne5 8. h3
Nxc4 9. Nxc4 Bh5 10. a5 Nd7 11. O-O e6 12. Bg5 Nf6 13. e5 dxe5 14. Ncxe5 Be7 15.
Bf4 Nd5 16. Bh2 O-O 17. Nc4 f6 18. Re1 e5 19. Qe2 Re8 20. g4 Bg6 21. Nh4 Bf7 22.
f3 Bf8 23. Ng2 b5 24. Nce3 Bg6 25. Nc2 Nc7 26. Red1 Nd5 27. Nge3 Nf4 28. Qd2
Nxh3+ 29. Kg2 Ng5 30. f4 exf4 31. Nf5 Qd5+ 32. Kg1 Nf3+ 0-1

[Event "Challenge"]
[Site "http://www.queenalice.com/game.php?id=1873343"]
[Date "2026.5.13"]
[Round "-"]
[White "sasquatico"]
[Black "Mlintz"]
[Result "1-0"]
[WhiteElo "1898"]
[BlackElo "1784"]

1. d4 e6 2. e4 d5 3. e5 c5 4. Bb5+ Bd7 5. Bxd7+ Nxd7 6. Nf3 cxd4 7. Qxd4 h6 8.
Be3 Bc5 9. Qd2 Bxe3 10. Qxe3 Ne7 11. Nbd2 b5 12. Nb3 Qb6 13. Qxb6 Nxb6 14. Nbd4
a6 15. b3 Rc8 16. O-O Nc6 17. Nxc6 Rxc6 18. Nd4 Rc3 19. f4 O-O 20. Rf3 Rd8 21.
Rxc3 1-0